|
|
|
|
| LEADER |
00000nab a2200000 a 4500 |
| 001 |
vtls000582555 |
| 003 |
SK-MaSNL |
| 005 |
20260304052312.0 |
| 008 |
140402c1996 xo 0 slo |
| 015 |
|
|
|a SNBRB19rr/mm-uuuuu
|
| 035 |
|
|
|a CL0582694
|
| 040 |
|
|
|a SNKBUCL
|b slo
|c SNKBUCL
|e AACR2
|
| 041 |
0 |
|
|a slo
|
| 044 |
|
|
|a xo
|c SK
|
| 080 |
|
|
|a 64.024(494):332.7(494)
|2 1981
|
| 080 |
|
|
|a 332.7(494)
|2 1981
|
| 080 |
|
|
|a 64.024(436)
|2 1981
|
| 080 |
|
|
|a 332.7(436)
|2 1981
|
| 100 |
1 |
|
|a Bohušová, Eva
|4 aut
|9 7108
|
| 245 |
1 |
0 |
|a Obchod s nehnuteľnosťami versus tradičné hotelierstvo
|c Eva Bohušová
|
| 300 |
|
|
|b Lit. 3 zázn. v nem.
|
| 650 |
0 |
7 |
|a hotelierstvo
|2 snkbucl
|9 16510
|
| 650 |
0 |
7 |
|a nehnuteľnosti
|2 snkbucl
|9 3653
|
| 651 |
|
7 |
|a Rakúsko
|2 snkbucl
|9 18533
|
| 651 |
|
7 |
|a Švajčiarsko
|2 snkbucl
|9 20143
|
| 655 |
|
7 |
|a články z novín a časopisov
|2 snkbucl
|9 267496
|
| 773 |
0 |
|
|t Ekonomická revue cestovného ruchu
|g Roč. 29, č. 1 (1996), s. 43-45
|x 0139-8660
|
| 850 |
|
|
|a Slovenská národná knižnica v Martine
|a MTA001
|
| 852 |
|
|
|a SNK
|b KIS3GCP
|
| 958 |
|
|
|a RK
|
| 958 |
|
|
|a AT
|
| 958 |
|
|
|a CH
|
| 992 |
|
|
|a RBX
|
| 999 |
|
|
|c 2707656
|d 2709586
|